Management accounting. (Record no. 4948)

MARC details
000 -LEADER
fixed length control field 02016nam a22002297a 4500
020 ## - INTERNATIONAL STANDARD BOOK NUMBER
ISBN 0077109392
020 ## - INTERNATIONAL STANDARD BOOK NUMBER
ISBN 9780077109394
050 ## - CALL NUMBER
Classification number HF 5657
Item number .
100 ## - AUTHOR
Personal name Ray H. Garrison,
110 ## - AUTHOR
CORPORATE AUTHOR Eric W. Noreen, Willie Sea
245 ## - TITLE
Title Management accounting.
Statement of responsibility, etc W B Seal; Ray H Garrison; Eric W Noreen
250 ## - EDITION
Edition statement 2nd ed.
260 ## - PUBLICATION INFORMATION
Place of publication London :
Name of publisher McGraw-Hill,
Year of publication 2006.
300 ## - DESCRIPTION
Number of Pages xix, 971 p. :
Other physical details illus. ;
Dimensions 27 cm
500 ## - NOTES
General note Includes Index
505 ## - FORMATTED CONTENTS NOTE
Table of Content Chapter 1: Management Accounting and the Business Environment<br/>Chapter 2: Cost Terms, Concepts and Classifications<br/>Chapter 3: Systems Deign: Job - Order Costing<br/>Chapter 4; Systems Design: Process Costing<br/>Chapter 5: Cost Behaviour: Analysis and Use<br/>Chapter 6: Profit Reporting Order Under Variable Costing and Absorption Costing<br/>Chapter 7: Cost - Volume - Profit Relationships<br/>Chapter 8: Activity - Based Costing<br/>Chapter 9: Relevant Costs for Decisions Making<br/>Chapter 10: Capital Investments Decisions<br/>Chapter 11: Managerial Decision Making Under Risk and Uncertainly<br/>Chapter 12: Profit Planning and the Role of Budgeting<br/>Chapter 13: Standard Cost and Variance Analysis<br/>Chapter 14: Flexible Budgets and Overhead Analysis<br/>Chapter 15: Segment Reporting and Decentralization<br/>Chapter 16: Pricing, Target Costing and Intra - Company Transfers <br/>Chapter 17: Strategic Management Accounting and the Balance Scorecard<br/>Chapter 18: Performance Management, Management Control and Corporate Governance<br/>Chapter 19: Stock Management: EOQ, JIT, ERP and E-Commerce<br/>Chapter 20: Quality and Business Processes: Measurement and Management<br/>Chapter 21: Cost Management and the Impact of Constraints: Supply Chain Management, Corporate Unbunding and Shared Service Centres<br/>Chapter 22: Management Accounting Change in its Organisational and Institutional Context: A Case Study Perspective
650 ## - SUBJECTS
Topical Term Cost accounting.
General subdivision Managerial accounting.
700 ## - OTHER AUTHORS
Personal name W B Seal;
710 ## - OTHER AUTHORS
OTHER AUTHORS Ray H Garrison;
711 ## - OTHER AUTHORS
OTHER AUTHORS Eric W Noreen
942 ## - ADDED ENTRY ELEMENTS (KOHA)
Koha item type Books
Holdings
Withdrawn status Lost status Collection code Home library Current library Shelving location Date acquired Full call number Accession Number Koha item type
    Reference Methodist University Library Tema Methodist University Library Tema Reference 19/03/2010 HF 5657 . 30641 Books
    Reference Methodist University Library Tema Methodist University Library Tema Reference 19/03/2010 HF 5657 . 29409 Books
Copyright © 2026  MUG Library